000 00279nam a22001217a 4500
020 _a0-8311-1070-8
082 _a621.811 MOL'M
100 _aMOLTRECHT, K. H
_978640
245 _aMACHINE SHOP PRRACTICE
250 _aVOL-2
260 _aNEWYORK
_bINDUSTRIAL
_c1971
942 _cBK
999 _c584012
_d584012